000
00239nam a2200109Ia 4500
008
190216s9999||||xx |||||||||||||| ||und||
100
_a
Asees V A A
245
0
_a
Alkaradi
260
_b
Vidyarthimithram
650
_a
Malayalam
942
_c
BK
999
_c
26558
_d
26558